LIBRARY & INFORMATION CENTRE, KCAET, TAVANUR

ONLINE PUBLIC ACCESS CATALOGUE (OPAC)

Optimization of process parameters for cryogenic grinding of dried ginger (Record no. 15129)

MARC details
000 -LEADER
fixed length control field 00687nam a22001817a 4500
003 - CONTROL NUMBER IDENTIFIER
control field OSt
088 ## - REPORT NUMBER
Report number T 348
100 ## - MAIN ENTRY--AUTHOR NAME
Personal name BHAVYA FRANCIS
245 ## - TITLE STATEMENT
Title Optimization of process parameters for cryogenic grinding of dried ginger
260 ## - PUBLICATION, DISTRIBUTION, ETC. (IMPRINT)
Place of publication Tavanur 2016
Name of publisher Department of Food and Agricultural Process Engineering
300 ## - PHYSICAL DESCRIPTION
Number of Pages 76
500 ## - GENERAL NOTE
General note Optimization of process parameters for cryogenic grinding of dried ginger
520 ## - SUMMARY, ETC.
Summary, etc Optimization of process parameters for cryogenic grinding of dried ginger
700 ## - ADDED ENTRY--PERSONAL NAME
Personal name Dr. Santhi Mary Mathew (Guide)
856 ## - ELECTRONIC LOCATION AND ACCESS
Uniform Resource Identifier https://drive.google.com/open?id=1J8boTMNDpI3ruQrXKGStqKDc0YvrUe6h
942 ## - ADDED ENTRY ELEMENTS (KOHA)
Koha item type Theses
Holdings
Collection code Home library Current library Shelving location Full call number Accession Number Koha item type Public note
Reference KAUAET KAUAET Reference 664 BHA/OP T 348 Theses M.Tech Thesis
free website counter